| 000 | 00794nam a22002177a 4500 | ||
|---|---|---|---|
| 005 | 20100731134115.0 | ||
| 010 | _aENG-96994 | ||
| 020 |
_a8125029915 _c345.00 |
||
| 020 |
_a9788125029915 _c345.00 |
||
| 035 | _aEN-80527 | ||
| 037 | _bDBAD/PUB | ||
| 082 | _a601.954 | ||
| 245 |
_aHealth,medicine and empire : _bperspectives on colonial India / _cedited by Biswamoy Pati [and] Mark Harrison |
||
| 260 |
_aNew Delhi _bOrient Longman _c2006 |
||
| 270 |
_a1/24 Asaf Ali Road _bNew Delhi _e110002 |
||
| 300 |
_ax,408p. _c22 cm (pbk) |
||
| 500 | _aIncludes index | ||
| 700 |
_aHarrison , Mark _93321 |
||
| 942 |
_2ddc _cEN _h610.954 _mHEA |
||
| 999 |
_c38416 _d38416 |
||